|
|
|
|
| LEADER |
00000nab a2200000 a 4500 |
| 001 |
vtls000455236 |
| 003 |
SK-MaSNL |
| 005 |
20260319075358.0 |
| 008 |
160202c1992 xo 0 hun |
| 015 |
|
|
|a SNBRB19rr/mm-uuuuu
|
| 035 |
|
|
|a CL0455367
|
| 040 |
|
|
|a SNKBUCL
|b slo
|c SNKBUCL
|e AACR2
|
| 041 |
0 |
|
|a hun
|
| 044 |
|
|
|a xo
|c SK
|
| 080 |
|
|
|a 894.511 (437)-9=945.11
|2 1981
|
| 100 |
1 |
|
|a Tóth, Mihály
|4 aut
|9 323241
|
| 245 |
1 |
0 |
|a Politika a Kazinczy-napokon
|c Mihály Tóth
|
| 500 |
|
|
|a V rubrike Reflex.
|
| 650 |
0 |
7 |
|a úvahy spoločenské
|2 snkbucl
|9 966777
|
| 650 |
0 |
7 |
|a Kazinczyho dni 1992, Košice (dni jazykovej kultúry)
|2 snkbucl
|9 973419
|
| 655 |
|
7 |
|a články z novín a časopisov
|2 snkbucl
|9 267496
|
| 655 |
|
7 |
|a články z odboru literárna veda a krásna literatúra
|2 snkbucl
|9 770045
|
| 773 |
0 |
|
|t Új szó
|g Roč. 45, č. 67 (19. 3. 1992), s. 4
|
| 850 |
|
|
|a Slovenská národná knižnica v Martine
|a MTA001
|
| 852 |
|
|
|a SNK
|b KIS3GCP
|
| 958 |
|
|
|a RK
|
| 958 |
|
|
|a HU
|
| 958 |
|
|
|a LX
|
| 992 |
|
|
|a RBX
|
| 999 |
|
|
|c 1556656
|d 1558586
|